Statistická revue 8 Sborník

Saved in:
Bibliographic Details
Format: Book
Language:Czech
Published: Praha Stat. a evid. vyd. tisk. 1984
Edition:1. vyd.
Tags: Add Tag
No Tags, Be the first to tag this record!

MARC

LEADER 00000nam a2200000 4500
001 c023965
005 20221220085734.0
041 0 |a cze 
044 |a CZ 
245 1 0 |a Statistická revue 8  |b Sborník 
250 |a 1. vyd. 
264 1 |a Praha  |b Stat. a evid. vyd. tisk.  |c 1984 
300 |a 415 s.